000 00849pam a2200253 a 4500
999 _c4064
_d4064
003 OSt
005 20220317100134.0
008 901214s1991 enka b 001 0 eng c
020 _a0750611715 :
040 _cALUPE UNIVERSITY COLLEGE
050 0 0 _aRG159
_b.L33 1991
060 _aWG 205 L137i
100 1 _aLachelin, Gillian C. L.
245 1 0 _aIntroduction to clinical reproductive endocrinology /
_cGillian C.L. Lachelin.
260 _aLondon ;
_a[Boston] :
_bButterworth-Heinemann,
_c1991.
300 _aix, 203 p. :
_bill. ;
_c24 cm.
504 _aIncludes bibliographical references and index.
650 0 _aEndocrine gynecology.
650 2 _aEndocrine Glands
_xphysiology.
650 2 _aReproduction
_xphysiology.
906 _a7
_bcbc
_corignew
_d1
_eocip
_f19
_gy-gencatlg
942 _2lcc
_cBK
_nPW